La pintura española /

Revisión histórica de la pintura española desde el siglo XII, con los códices medievales, hasta el primer tercio del siglo XIX, con la obra de Goya. El estudio de se organiza al rededor de los grandes momentos, corrientes o estilos artísticos en las principales ciudades españolas y sus máximos repre...

Πλήρης περιγραφή

Αποθηκεύτηκε σε:
Λεπτομέρειες βιβλιογραφικής εγγραφής
Κύριος συγγραφέας: Encina, Juan de la (autor)
Μορφή: Βιβλίο
Γλώσσα:Ισπανικά
Έκδοση: México : Fondo de Cultura Económica, 1958
Έκδοση:2a edición
Σειρά:(Breviarios ; 48)
Θέματα:
Ετικέτες: Προσθήκη ετικέτας
Δεν υπάρχουν, Καταχωρήστε ετικέτα πρώτοι!

MARC

LEADER 00000nam^a2200000^a^4500
001 000000567
005 20250521000000.0
009 20260310083032.349
037 |a Acervo ITESO - Biblioteca 
041 |a ESP 
082 |a 082.  |b BRE V. 48 
100 |a Encina, Juan de la  |e (autor) 
245 1 3 |a La pintura española /  |c J. de la Encina. 
250 |a 2a edición 
264 1 |a México :  |b Fondo de Cultura Económica,  |c 1958 
300 |a 219 p. 
336 |a texto  |b txt  |2 rdacontenido 
337 |a sin mediación  |b n  |2 rdamedio 
338 |a volumen  |b nc  |2 rdasoporte 
440 1 |a (Breviarios ;  |v 48) 
520 |a Revisión histórica de la pintura española desde el siglo XII, con los códices medievales, hasta el primer tercio del siglo XIX, con la obra de Goya. El estudio de se organiza al rededor de los grandes momentos, corrientes o estilos artísticos en las principales ciudades españolas y sus máximos representantes. 
649 |a XX 
650 |a Corrientes y Estilos Artísticos -  |z España -  |x Historia y Crítica 
650 |a Pintura Española -  |x Historia y Crítica -  |x Tema Principal 
650 |a Arte Español -  |x Historia y Crítica 
910 |a Fondo General 
920 |a Impresos - Libros 
930 |a Colección General 
905 |a 101 
901 |a 0500001712  |b IT1  |c ACC  |u 20250521 
902 |a https://opac.biblio.iteso.mx/vufind/Record/000000567